00935nam a22002537a 4500003001700000005001700017008004100034020001800075040000700093041001200100082001800112100001600130245003300146250000600179260002800185300003000213365005200243520028100295650002600576700001700602700002300619700002000642700001900662St Aloysius Coll20260228154246.0260228b |||||||| |||| 00| 0 eng d a9789370609983 cAL aEnglish a574.192bVOEF aDonald Voet aFundamentals of biochemistry a6 aNew DelhibWiley c2026 axxiv, 1014p.bHBc28x22cm 2Generala6272b₹4676.00c₹d₹5995.00e22% aLife cells and thermodynamics; Physical and chemical properties of water; Amino acids the building blocks of proteins; Proteins structure and folding; Carbohydrates Nucleotides nucleic acids and genetic information Lipids bilayers and membranes; Passive and active transport  2BiologyaBiochemistry aVoet, Judith aPratt, Charlotte W aHeilman, Destin aWoski, Stephen